| 000 | 00476nam a2200169 a 4500 | ||
|---|---|---|---|
| 005 | 20240305063707.0 | ||
| 008 | 991125s1956 mx 000 0 spa u | ||
| 035 | _aUPN01000004228 | ||
| 049 | _aLT | ||
| 050 | 4 |
_aLB1644 M6.2 _bA3.2 |
|
| 100 | 1 | _aAguilar A., Jorge | |
| 245 | 1 | 0 |
_aApuntes de civismo : _bsegundo curso / _cJorge Aguilar A. |
| 260 |
_aMéxico : _b[s.n.], _c1956. |
||
| 300 | _a65 p. | ||
| 650 | 4 |
_aCivismo _xEstudio y enseñanza (Secundaria) _91512 |
|
| 905 | _aLibro | ||
| 999 |
_c4228 _d4228 |
||